000 00635nam a2200205Ia 4500
005 20260601193252.0
008 260601s9999||||xx |||||||||||||| ||und||
020 _a978-3-031-67751-9
_qebk
100 _aHao Chen
245 0 _aTrustworthy Artificial Intelligence for Healthcare
250 _a2024
260 _aHeidelberg, Germany
_bSpringer Nature
_c2024
440 _aLecture Notes in Computer Science
650 _aComputer Science
700 _aDaguang Xu
700 _aVarut Vince Vardhanabhuti
700 _aYuyin Zhou
856 _uhttps://link.springer.com/openurl?genre=book&isbn=978-3-031-67751-9
942 _cEB
_2ddc
999 _c56741
_d56741